000 00652nam a22002177a 4500
999 _c10760
_d10760
003 AR-CdUCM
008 190401b ||||| |||| 00| 0 spa d
040 _aMUNICIPALIDAD PROVINCIAL DEL CUSCO
_cBIBLIOTECA MUNICIPAL DEL CUSCO
082 _24ed.
_a869.33 /
_bP86S / 1939
100 _aPrieto, Jenaro
_927775
245 _aEl socio /
260 _aSantiago de Chile :
_bNascimento,
_c1939.
300 _a245 páginas ;
_c22 cm.
440 _aBiblioteca selecta nascimento ;
_n42
_927776
505 _aContenido: Novela.
650 _aNovelas chilenas
_92077
650 _aNovela
_95
650 _aSiglo XX.
_98
942 _2ddc
_cLIBROS
945 _aacv